Name Every Animal Crossing Villager - Statistics

General Stats
  • This quiz has been taken 56 times
  • The average score is 144 of 488
Answer Stats
Hint Answer % Correct
Cat Bob
83%
Dog Bea
74%
Octopus Zucker
74%
Frog Lily
70%
Gorilla Al
65%
Octopus Marina
65%
Octopus Octavian
65%
Eagle Apollo
61%
Pig Chops
61%
Cat Kid Cat
61%
Cub Stitches
61%
Squirrel Agent S
57%
Squirrel Kit
57%
Cat Lolly
57%
Rhino Merengue
57%
Cat Tangy
57%
Alligator Alli
52%
Deer Beau
52%
Duck Bill
52%
Cub Cheri
52%
Rabbit Coco
52%
Penguin Cube
52%
Alligator Del
52%
Cat Raymond
52%
Mouse Rod
52%
Cat Tom
52%
Bird Ace
48%
Cat Ankha
48%
Hamster Apple
48%
Bear Beardo
48%
Elephant Big Top
48%
Mouse Chadder
48%
Dog Cherry
48%
Penguin Flo
48%
Alligator Gayle
48%
Bird Jay
48%
Ostrich Julia
48%
Duck Ketchup
48%
Cat Kiki
48%
Dog Lucky
48%
Squirrel Marshal
48%
Duck Molly
48%
Penguin Roald
48%
Cat Rosie
48%
Elephant Tia
48%
Cow Tipper
48%
Wolf Wolfgang
48%
Anteater Antonio
43%
Mouse Bella
43%
Goat Billy
43%
Octopus Cephalobot
43%
Dog Cookie
43%
Pig Gala
43%
Dog Goldie
43%
Frog Henry
43%
Horse Julian
43%
Cat Katt
43%
Tiger Leonardo
43%
Cat Moe
43%
Cow Patty
43%
Cat Punchy
43%
Frog Ribbot
43%
Gorilla Rocket
43%
Cat Stinky
43%
Frog Tad
43%
Bird Admiral
39%
Alligator Alfonso
39%
Cow Angus
39%
Anteater Annalisa
39%
Wolf Audie
39%
Chicken Ava
39%
Rhino Azalea
39%
Sheep Baabara
39%
Deer Bam
39%
Koala Canberra
39%
Rabbit Cole
39%
Pig Curly
39%
Frog Diva
39%
Rabbit Doc
39%
Wolf Fang
39%
Cat Felicity
39%
Frog Gigi
39%
Hamster Hamlet
39%
Hippo Harry
39%
Hippo Hippeux
39%
Cub Judy
39%
Cub Maple
39%
Kangaroo Marcie
39%
Kangaroo Marcy
39%
Goat Nan
39%
Cow Norma
39%
Gorilla Peewee
39%
Ostrich Phil
39%
Bear Pinky
39%
Alligator Roswell
39%
Bear Tutu
39%
Gorilla Violet
39%
Wolf Vivian
39%
Frog Wart Jr.
39%
Wolf Whitney
39%
Anteater Zoe
39%
Koala Alice
35%
Eagle Amelia
35%
Bird Anchovy
35%
Penguin Aurora
35%
Eagle Avery
35%
Cub Bluebear
35%
Penguin Boomer
35%
Alligator Boots
35%
Lion Bud
35%
Rabbit Bunnie
35%
Squirrel Caroline
35%
Penguin Chabwick
35%
Goat Chevre
35%
Bear Chow
35%
Hamster Clay
35%
Cow Coach
35%
Pig Cobb
35%
Elephant Cyd
35%
Anteater Cyrano
35%
Monkey Deli
35%
Elephant Dizzy
35%
Wolf Dobie
35%
Sheep Dom
35%
Mouse Dora
35%
Alligator Drago
35%
Horse Ed
35%
Koala Faith
35%
Hamster Flurry
35%
Dog Frett
35%
Sheep Gen
35%
Hamster Hamphrey
35%
Frog Jambette
35%
Frog Jeremiah
35%
Bird Jitters
35%
Goat Kidd
35%
Kangaroo Kitt
35%
Cat Kitty
35%
Mouse Limberg
35%
Lion Lionel
35%
Dog Maddie
35%
Hamster Marlo
35%
Cub Marty
35%
Cat Merry
35%
Rabbit Mira
35%
Cat Monique
35%
Rabbit O'Hare
35%
Bear Paula
35%
Bird Peck
35%
Mouse Petri
35%
Horse Reneigh
35%
Ostrich Rio
35%
Kangaroo Rooney
35%
Squirrel Sally
35%
Mouse Samson
35%
Horse Savannah
35%
Duck Scoot
35%
Goat Sherb
35%
Penguin Sprinkle
35%
Ostrich Sprocket
35%
Cub Tammy
35%
Rhino Tank
35%
Bear Teddy
35%
Dog Walker
35%
Horse Winnie
35%
Koala Yuka
35%
Pig Agnes
30%
Horse Annalise
30%
Kangaroo Astrid
30%
Elephant Axel
30%
Chicken Becky
30%
Chicken Benedict
30%
Tiger Bianca
30%
Hippo Biff
30%
Hippo Bitty
30%
Ostrich Blanche
30%
Gorilla Boyd
30%
Chicken Broffina
30%
Horse Buck
30%
Eagle Buzz
30%
Mouse | Rabbit Carmen
30%
Eagle Celia
30%
Gorilla Cesar
30%
Deer Chelsea
30%
Cub Chester
30%
Wolf Chief
30%
Rabbit Chrissy
30%
Horse Cleo
30%
Frog Croque
30%
Bear Curt
30%
Dog Daisy
30%
Duck Derwin
30%
Chicken Egbert
30%
Horse Elmer
30%
Sheep Étoile
30%
Deer Fauna
30%
Ostrich Flora
30%
Eagle Frank
30%
Wolf Freya
30%
Sheep Frita
30%
Deer Fuchsia
30%
Bear Grizzly
30%
Goat Gruff
30%
Penguin Gwen
30%
Gorilla Hans
30%
Squirrel Hazel
30%
Penguin Hopper
30%
Rhino Hornsby
30%
Bear Ike
30%
Chicken Ken
30%
Bear Klaus
30%
Lion Leopold
30%
Wolf Lobo
30%
Deer Lopez
30%
Gorilla Louie
30%
Dog Marcel
30%
Kangaroo Mathilda
30%
Bear Megan
30%
Koala Melba
30%
Squirrel Mint
30%
Cat Mitzi
30%
Mouse Moose
30%
Sheep Muffy
30%
Monkey Nana
30%
Cow Naomi
30%
Anteater Olaf
30%
Anteater Pango
30%
Horse Peaches
30%
Squirrel Peanut
30%
Squirrel Pecan
30%
Cub Pekoe
30%
Ostrich Phoebe
30%
Bird Piper
30%
Dog Portia
30%
Frog Prince
30%
Frog Puddles
30%
Cub Pudge
30%
Duck Quillson
30%
Eagle Quinn
30%
Frog Raddle
30%
Rhino Reneé
30%
Rhino Rhonda
30%
Gorilla Rilla
30%
Hippo Rocco
30%
Cow Rodeo
30%
Hamster Rodney
30%
Horse Roscoe
30%
Rabbit Ruby
30%
Cat Rudy
30%
Rabbit Sasha
30%
Monkey Shari
30%
Dog Shep
30%
Deer Shino
30%
Wolf Skye
30%
Anteater Snooty
30%
Squirrel Static
30%
Koala Sydney
30%
Cat Tabby
30%
Monkey Tiansheng
30%
Bird Twiggy
30%
Goat Velma
30%
Cow Vic
30%
Sheep Wendy
30%
Deer Zell
30%
Anteater Anabelle
26%
Cub Barold
26%
Dog Benjamin
26%
Hippo Bertha
26%
Dog Biskit
26%
Dog Bones
26%
Pig Boris
26%
Mouse Bree
26%
Deer Bruce
26%
Dog Butch
26%
Squirrel Cally
26%
Frog Camofrog
26%
Mouse Candi
26%
Sheep Cashmere
26%
Elephant Chai
26%
Rabbit Claude
26%
Tiger Claudia
26%
Ostrich Cranston
26%
Duck Deena
26%
Deer Deirdre
26%
Rabbit Dotty
26%
Frog Drift
26%
Elephant Eloise
26%
Lion Elvis
26%
Monkey Flip
26%
Rabbit Francine
26%
Duck Freckles
26%
Rabbit Gaston
26%
Rabbit Genji
26%
Chicken Goose
26%
Hamster Graham
26%
Bear Groucho
26%
Pig Hugh
26%
Squirrel Ione
26%
Bird Jacob
26%
Bird Joe
26%
Duck Joey
26%
Cub June
26%
Cat Kabuki
26%
Chicken Knox
26%
Wolf Kyle
26%
Pig Lucy
26%
Koala Lyman
26%
Dog Mac
26%
Duck Maelle
26%
Pig Maggie
26%
Elephant Margie
26%
Bird Midge
26%
Duck Miranda
26%
Bear Nate
26%
Squirrel Nibbles
26%
Elephant Opal
26%
Koala Ozzie
26%
Goat Pashmina
26%
Duck Pate
26%
Pig Peggy
26%
Sheep Pietro
26%
Rabbit Pippy
26%
Cub Poncho
26%
Squirrel Poppy
26%
Penguin Puck
26%
Cat Purrl
26%
Ostrich Queenie
26%
Lion Rex
26%
Squirrel Ricky
26%
Mouse Rizzo
26%
Bird Robin
26%
Tiger Rolf
26%
Lion Rory
26%
Tiger Rowan
26%
Ostrich Sandy
26%
Monkey Simon
26%
Alligator Sly
26%
Hamster Soleil
26%
Bird Sparro
26%
Eagle Sterling
26%
Cow Stu
26%
Squirrel Sylvana
26%
Kangaroo Sylvia
26%
Monkey Tammi
26%
Cow T-Bone
26%
Rabbit Tiffany
26%
Sheep Timbra
26%
Rabbit Toby
26%
Pig Truffles
26%
Sheep Vesta
26%
Horse Victoria
26%
Cub Vladimir
26%
Penguin Wade
26%
Sheep Willow
26%
Mouse Anicotti
22%
Tiger Bangle
22%
Mouse Bettina
22%
Squirrel Blaire
22%
Rabbit Bonbon
22%
Gorilla Boone
22%
Dog Bow
22%
Mouse Broccolo
22%
Hippo Bubbles
22%
Kangaroo Carrie
22%
Bear Charlise
22%
Frog Cousteau
22%
Sheep Curlos
22%
Deer Diana
22%
Duck Drake
22%
Elephant Ellie
22%
Deer Erik
22%
Koala Eugene
22%
Sheep Eunice
22%
Penguin Friga
22%
Frog Frobert
22%
Rabbit Gabi
22%
Ostrich Gladys
22%
Duck Gloria
22%
Rabbit Hopkins
22%
Frog Huck
22%
Cub Kody
22%
Duck Mallary
22%
Cat Meow
22%
Monkey Monty
22%
Lion Mott
22%
Cub Murphy
22%
Cub Olive
22%
Cat Olivia
22%
Elephant Paolo
22%
Horse Papi
22%
Mouse Penelope
22%
Eagle Pierce
22%
Pig Rasher
22%
Squirrel Sheldon
22%
Rabbit Snake
22%
Rhino Spike
22%
Sheep Stella
22%
Squirrel Tasha
22%
Penguin Tex
22%
Elephant Tucker
22%
Tiger Tybalt
22%
Bear Ursala
22%
Kangaroo Walt
22%
Duck Weber
22%
Cow Belle
17%
Horse Clyde
17%
Horse Colton
17%
Monkey Elise
17%
Squirrel Filbert
17%
Koala Gonzo
17%
Mouse Greta
17%
Chicken Hank
17%
Bird Jacques
17%
Gorilla Jane
17%
Eagle Keaton
17%
Pig Kevin
17%
Bird Lucha
17%
Pig Pancetti
17%
Chicken Plucky
17%
Duck Pompom
17%
Pig Spork
17%
Penguin Analog
13%
Lion Aziz
13%
Cow Bessie
13%
Chicken Betty
13%
Squirrel Cece
13%
Monkey Champ
13%
Bear Dozer
13%
Cat Felyne
13%
Horse Filly
13%
Pig Ganon
13%
Hamster Holden
13%
Penguin Iggly
13%
Octopus Inkwell
13%
Alligator Liz
13%
Anteater | Hippo Lulu
13%
Bird Madam Rosa
13%
Anteater Nosegay
13%
Cow Petunia
13%
Bird Twirp
13%
Squirrel Viché
13%
Wolf W. Link
13%
Sheep Woolio
13%
Cub Aisle
9%
Cow Carrot
9%
Mouse Chico
9%
Cow Chuck
9%
Hippo Clara
9%
Frog Emerald
9%
Pig Hambo
9%
Koala Huggy
9%
Goat Iggy
9%
Kangaroo Koharu
9%
Chicken Leigh
9%
Bird Medli
9%
Dog Megumi
9%
Ostrich Nindori
9%
Cow Oxford
9%
Rhino Patricia
9%
Mouse Penny
9%
Cat Pierre
9%
Pig Pigleg
9%
Eagle Quetzal
9%
Chicken Rhoda
9%
Hippo Rollo
9%
Pig Sue E
9%
Frog Sunny
9%
Goat Sven
9%
Wolf Tarou
9%
Kangaroo Valise
9%
Gorilla Yodel
9%
Cub Cupcake
4%
Elephant Elina
4%
Horse Epona
4%
Bird Flash
4%
Mouse Flossie
4%
Duck Fruity
4%
Chicken Hector
4%
Lion Jūbei
4%
Dog Masa
4%
Bird Otis
4%
Cub Poko
4%
Duck Shinabiru
4%
Bird Shoukichi
4%
Rhino Tiara
4%
Cow Weldon
4%
No matching quizzes found
Score Distribution
Percent of People with Each Score
Percentile by Number Answered
Your Score History
You have not taken this quiz